000 01367nab a22002657a 4500
999 _c5933
_d5933
003 OSt
005 20260114010928.0
008 190605e xxu||||| |||| 00| 0 spa d
040 _cPJ
100 _96785
_aRomero, Fernando Emmanuel
245 1 0 _aCrítica a la modificación del período de prueba por el Decreto de Necesidad y Urgencia N.º 70-2023 /
_cFernando Emmanuel Romero.
260 _aCiudad Autónoma de Buenos Aires :
_bThomson Reuters La Ley,
_c2024.
300 _ap. 9-18
500 _aCita: TR LALEY AR/DOC/95/2024.
505 _aSumario: I. Sumario.— II. Introducción.— III. El período de prueba.— IV. El plazo de tres [3] meses.— V. Incongruencia con el 245 LCT.— VI. Consideraciones acerca de la ampliación del plazo de período de prueba — VII. La discusión que subyace en la reforma.— VIII. Conclusión.
505 _t¿Te interesa el texto completo? Solicitalo al correo: koha@justierradelfuego.gov.ar
650 0 _91316
_aDERECHO LABORAL
650 0 _9200
_aDECRETOS DE NECESIDAD Y URGENCIA
650 0 _91323
_aCONTRATO DE TRABAJO
650 0 _96786
_aPERIODO DE PRUEBA
650 0 _91533
_aDESPIDO
650 0 _91534
_aINDEMNIZACION POR DESPIDO
773 0 _02711
_93168
_dCiudad Autónoma de Buenos Aires : Thomson Reuters La Ley, 1999-2002.
_tRevista de derecho del trabajo. Nº 2 - Marzo 2024
942 _2udc
_cANA